00919nam a2200253 i 4500001001000000003000900010005001700019007000300036008004100039020001800080040003000098082001900128100006900147245011700216264004800333300002800381336002700409337003300436338002800469500005700497504003400554586004700588700003000635000044620DO-SdBNP20250408113911.0ta141209s2014 dr 000 0 spa d a9789945492354 aDO-SdBNPbspacBNPHUerda 4axxxxbxxxx2221 aChevalier, Reynaldo Paulino,d1965-eautor4aut.qChevalier, Nan13aEl domador de fieras y otros nanorrelatos /cReynaldo Paulino Chevalier (Nan) ; presentación Basilio Belliard. 4aSanto Domingo :bEditora Nacional,c©2014. a110 páginas ;c23 cm. atextobtxt2rdacontent asin mediaciónbn2rdamedia avolumenbnc2rdacarrier aIncluye datos biográficos del autor en las solapas aBibliografía : páginas 23 aPremio III Concurso Nacional Minificción1 aBelliard, Basilio,d1966-